Responses for show #1017 - Tuesday, January 24, 1989

Brian Wangsgard game 3.

Contestants

Rob Jurina, an office manager and freelance writer from Hollywood, California

Debbie Morgan, a merchandise manager from Fountain Valley, California

Brian Wangsgard, a senior marketing representative from Redlands, California (whose 2-day cash winnings total $31,599)

Jeopardy! Round responses

FAMILIAR PHRASES
FIRST LADIES
FOOD
FOOTBALL
FOLK SONGS
'50s TV
    $100 18
down in the dumps

Debbie
    $100 1
John Quincy Adams

Debbie
    $100 9
tortilla

Brian
    $100 6
50-yard line

Brian
    $100 23
forty-niner

Debbie
    $100 13
Art Carney

Brian
    $200 19
in fine fettle

Brian
    $200 2
Nancy Reagan

Rob
    $200 11
Agriculture

Brian
    $200 7
Vince Lombardi

Brian
    $200 24
"Frankie and Johnny"

Brian
    $200 14
Jim Backus

Rob
    $300 20
(Debbie: What is on the par?)

even Steven

Debbie
Triple Stumper
    $300 3
St. Patrick's Day

Rob
    $300 27
victory gardens

Brian
    $300 8
(Debbie: What are rams?)

horns

DebbieRob
    $300 25
"We Shall Overcome"

Debbie
    $300 15
Name That Tune

Brian
    $400 21
...
(Alex: Brian.)
(Brian: [more in reaction to the clue than being told to select] Sure.)
[laughter.]

like a house on fire

Triple Stumper
    $400 4
(Rob: Who was Andrew Jackson's wife?)

Mary Todd Lincoln

Rob
Triple Stumper
    $1,000 28
tofu

Brian
    $400 10
draft

Rob
    $400 26
Sloop John B

Brian
    $400 16
Jim Anderson

Rob
    $500 22
on their high horse

Debbie
    $500 5
Lady Bird Johnson

Debbie
    $500 12
(Brian: What are uh, the World Football League and the...?)

World Football League & United States Football League (USFL)

BrianRob
    $500 17
(Rob: Beagle.)
(Alex: No.)
(Rob: What is)

basset hound

BrianRob

Scores at the first commercial break (after clue 14):

Brian Debbie Rob
$200 $300 $1,500

Scores at the end of the Jeopardy! Round:

Brian Debbie Rob
$3,100 $1,000 $1,400

Double Jeopardy! Round responses

FIRST LINES
"F" IN BIOLOGY
FLYING MACHINES
FAMOUS NAMES
FAIRY TALES
FACTS & FIGURES
    $200 8
Peter Rabbit

Debbie
    $200 25
formaldehyde

Rob
    $200 11
Wright brothers

Brian
    $200 3
(Sir Edmund) Hillary

Rob
    $200 1
witch

Debbie
    $200 16
insects

Brian
    $400 9
Casey at the Bat

Debbie
    $400 26
fox

Brian
    $400 12
Spruce Goose

Brian
    $400 4
(Rupert) Murdoch

Rob
    $400 2
Rumpelstiltskin

Rob
    $400 17
Rembrandt

Rob
    $600 10
Matthew (The New Testament)

Brian
    $600 27
fertilization

Triple Stumper
    $2,000 13
767

Brian
    $600 5
Konrad Adenauer

Brian
    $600 21
pancake

Triple Stumper
    $2,000 18
(Rob: What is oil?)

coal

Rob
    $800 24
(Brian: What is [*] by Machiavelli?)

The Prince

Brian
    $800 28
(Rob: What's fungus?)

fungicide

Rob
Triple Stumper
    $800 14
dirigible

Triple Stumper
    $800 6
Will Durant

Rob
    $800 22
(Rob: What is Persian?)

Chinese

Rob
Triple Stumper
    $800 19
72

Brian
    $1000 30
The Fountainhead

Triple Stumper
    $1000 29
femur & fibula

Brian
    $1000 15
Harrier

Brian
    $1000 7
(S.I.) Hayakawa

Rob
    $1000 23
grandmother

Triple Stumper
    $1000 20
Goodyear

Debbie

Scores at the end of the Double Jeopardy! Round:

Brian Debbie Rob
$11,100 $2,800 $1,200
(lock game)

[wagering suggestions for these scores]

Final Jeopardy! Round responses

FILMS OF THE '40s
RobWhat was How Green Was My Valley?
$1,200
DebbieWhat is How Green Was My Valley
$0
BrianWhat is How Green Was My Valley?
$5,499
How Green Was My Valley

Final scores:

Brian Debbie Rob
$16,599 $2,800 $2,400
3-day champion: $48,198 + choice of Jeopardy! box game or Jeopardy! Challenger 2nd place: trip to Honolulu on Continental & stay at Waikiki Marina Hotel + choice of Jeopardy! box game or Jeopardy! Challenger 3rd place: Louis XV chair & ottoman by Sam Moore + choice of Jeopardy! box game or Jeopardy! Challenger

Game dynamics:

Coryat scores:

Brian Debbie Rob
$9,100 $2,800 $3,200
23 R
(including 2 DDs),
1 W
10 R,
2 W
14 R,
5 W
(including 1 DD)

Combined Coryat: $15,100

The J! Archive is created by fans, for fans. The Jeopardy! game show and all elements thereof, including but not limited to copyright and trademark thereto, are the property of Jeopardy Productions, Inc. and are protected under law. This website is not affiliated with, sponsored by, or operated by Jeopardy Productions, Inc. Join the discussion at JBoard.tv.